| 000 | 00912 a2200145 4500 | ||
|---|---|---|---|
| 003 | NUST | ||
| 005 | 20221202182337.0 | ||
| 040 | _cNust | ||
| 082 | _a020,LIB | ||
| 245 |
_alibrary Science information technology / _cEdited by Meher contractor |
||
| 260 |
_aNew Delhi _bJ.L. Kumar _c1999 |
||
| 300 | _a213p.: | ||
| 505 | _aLibrarianship And The Professional Librarian (Page-1), Modern Documentation And Information Technology (Page-16), The Computer In The University (Page-56), The Miniature Library (Page-82), Research Methodology And New Technology (Page-105), Major Issues In Software And System Selection (Page-124), Documentation And Computer Output Alternatives (Page-143), Major Issues In Serial Publication (Page-162), Documentation Of International Comparative Statistics (Page-178), Libraries And Scientific Literature (Page-197), Resource Sharing And Objectives (Page-208). | ||
| 942 |
_2ddc _cBK _k020,LIB |
||
| 999 |
_c193688 _d193688 |
||